00977 2200325 4500001002100000005001500021035002000036007000300056008004100059020002200100040002200122082001900144084002100163090002500184090002200209100002600231245006600257250003300323300006000356650002700416850001200443041000800455504003500463264003500498336002100533337003000554338002300584990002200607990002200629INLIS00000000084770220190905022534 a0010-0519001037ta190522s2018 yoia g ind d a978-602-5759-90-1 aYOPDYOGbinderda04223a621.381044 a621.381044 SAL p aDEP 621.381044 SAL p aCB-D.11 2018-245110aSaludin Muisepenulis10aPerancangan power supply switch mode /cpenulis, Saludin Muis aEdisi kedua, Cetakan I, 2018 axviii, 278 halaman :bilustrasi, tabel, grafik ;c24 cm 4aTenaga listrik, Sistem aYOPDYOG0 aind aBibliografi: halaman [277]-27831aYogyakarta :bTeknosain,c2018 2rdacontentateks 2rdamediaatanpa perantara 2rdacarrieravolume aCB-D.11/2018-2451 aCB-D.11/2018-2451